Vedic India (Record no. 1631)

MARC details
000 -LEADER
fixed length control field 00647nam a2200253 a 4500
020 ## - INTERNATIONAL STANDARD BOOK NUMBER
ISBN
082 00 - DEWEY DECIMAL CLASSIFICATION NUMBER
Classification number 934.02
Author Cutter RAG
100 ## - MAIN ENTRY--AUTHOR NAME
Author name Ragozin, Zenaide A
245 ## - TITLE STATEMENT
Title Vedic India
Sub title as Embodied Principally in the Rig-Vda
260 ## - PUBLICATION, DISTRIBUTION, ETC. (IMPRINT)
Place of publication London
Name of publisher T.Fisher Unwin Ltd
Year of publication 1895
300 ## - PHYSICAL DESCRIPTION
Number of Pages 457p
500 ## - GENERAL NOTE
General note includes index and biblioraphy
505 2# - FORMATTED CONTENTS NOTE
Formatted contents note Index, Illus
650 ## - SUBJECT ADDED ENTRY--TOPICAL TERM
Topical Term India-Ancient Vedic
650 ## - SUBJECT ADDED ENTRY--TOPICAL TERM
Topical Term Vedic Religion
942 ## - ADDED ENTRY ELEMENTS (KOHA)
Koha item type Books
700 1# -
-- Ragozin, Zenaide A
Holdings
Home library Current library Date acquired Cost, normal purchase price Full call number Accession Number Koha item type
Henry Martyn Institute Library Henry Martyn Institute Library 06/06/2007 100.00 934.02 RAG 00491 E-Books
                   Copyright © 2026 | Henry Martyn Institute | Hyderabad | TS-500052 | INDIA | Implemented by hmi.edu.in
Hit-Count:

Powered by Koha